02139nam a2200397 4500001000400000003000400004005001700008008004100025020001800066040000800084041001300092082001500105100004100120240007600161245013200237260003400369300001100403490004500414520075300459650002701212650003401239650002601273650001701299650001901316650002001335650001401355655001601369655002001385700003601405700004001441700004101481830005001522942001501572952014101587999001301728216OSt20250528074015.0250203b |||||||g |||| 00| 1 eng d a9788508067695 bpor hengapor a823bD754s1 aDoyle, Arthur Conan,d1859-19309388 aA study in scarlet, The sign of four, The adventures of Sherlock Holmes aSherlock Holmes, Volume I /cDoyle, Arthur Conan ; Tradução de Louise Ibañez, Branca de Villa-Flor e Edna Jansen de Mello aRio de JaneirobEdiouroc2002 a447 p.1 aObra completa / Sherlock Holmesvvol. 01 aNeste volume: Um Estudo em Vermelho, O Sinal dos Quatro e As Aventuras de Sherlock Holmes (contos). Os fatos são contundentes. O povo tomou conta de Holmes. Chegou a crer na sua existência. Nenhum personagem de ficção tem no mundo mais vasta bibliografia, com toda uma gama de estudos, dos mais ingênuos aos mais eruditos; ninguém, fictício ou real, foi alvo de tantas representações teatrais, cinematográficas, em histórias em quadrinhos, em palavras cruzadas, em seriados de TV; ninguém multiplicou um gênero (literatura policial) em proporções de tiragens tão astronômicas. Os "holmistas" existiram desde a primeira hora e continuam surgindo no fluir das gerações. Holmes não tem leitores, tem devotos. 0aLiteratura Inglesa989 0aCrime e Investigação 913 0aRomance Policial 911 0aSuspense910 0aMistério942 0aClássicos977 0aFilme926 0aRomance923 0aFicção 922 aLouise Ibañez eTradutor9398 aBranca de Villa-FloreTradutor9399 aEdna Jansen de Mello eTradutor9269 aObra completa / Sherlock Holmesvvol. 019400 2ddcn0cBK 00102ddc3vol. 0140708FICaBIBIBbBIBIBcLEd2016-11-30edoaçãol0o823 / D754sp2025-15417r2025-01-31 07:47:58w2025-01-31yBK c216d216